| 000 | 00448nam a22001217a 4500 | ||
|---|---|---|---|
| 999 |
_c21593 _d21593 |
||
| 008 | 240913b ||||| |||| 00| 0 eng d | ||
| 100 |
_aQuizzagan, Milagros B. _eauthor. _960935 |
||
| 245 |
_aDo we really have a choice / _cMilagros B. Quizzagan. |
||
| 260 |
_aPhilippines; _bPublishers Association of the Philippines, Inc., _cMarch 2020. |
||
| 300 | _aVolume 168, pages 370. | ||
| 700 |
_aQuizzagan, Milagros B. _eauthor. _960935 |
||
| 942 |
_2ddc _cPER |
||